| 000 | 00809nam a22003137a 4500 | ||
|---|---|---|---|
| 001 | 16275720 | ||
| 003 | OSt | ||
| 005 | 20140310182745.0 | ||
| 008 | 100610s2010 ph 000 1 eng | ||
| 010 | _a 2010338535 | ||
| 020 | _a9789719447016 | ||
| 040 |
_aDLC _cDLC |
||
| 042 | _alcode | ||
| 050 | 0 | 0 |
_aPL5531 _b.D542 2010 |
| 082 |
_aFIL899.210301 _b.D542w 2010 |
||
| 100 | 1 |
_aDiaz, Rony V., _d1932- |
|
| 245 | 1 | 0 |
_aAt war's end / _cDiaz, Rony V. |
| 260 |
_aManila : _bManila Times Pub., _cc2010. |
||
| 300 |
_a190 p. ; _c24 cm. |
||
| 500 | _aNovel. | ||
| 521 | _aCollege Students | ||
| 526 | _c1210L to 1700L | ||
| 541 | _j1 | ||
| 541 | _j2 | ||
| 562 | _e2 | ||
| 906 |
_a7 _bcbc _corigode _d4 _encip _f20 _gy-gencatlg |
||
| 942 |
_2lcc _cBK _kM |
||
| 999 |
_c15634 _d15634 |
||